Statistics for Impossibly Hard Quiz

Click here to take the quiz!

General Stats

  • This quiz has been taken 6 times
  • The average score is 2 of 11

Answer Stats

HintAnswer% Correct
What is Joe Biden’s middle name backwardsEttenibor
83%
Who Invented AlgebraAl-Khwarizmi
33%
How many hours are there in 13.5 years118260
17%
Copy out this text 4 times changing the letters o into aCapy aut this text 4 times changing the letters a inta a
17%
What day is Easter on in 204124th April
0%
Name as many digits of pi you will be accepted once you get far enough3.1415926535897932384626433832795028841971693993751058209749445923078164062862089986280348253421170679
0%
What is the first letter or number of every answer before this in orderA31PTEML2C
0%
What was the most populous province off Zambia in 2018Lusaka
0%
Who was the 42nd President of the Swiss ConfederationMarcel Pilet-Golaz
0%
What is the capital of the 98th most populous country in 2020Port Morseby
0%
What is the 93rd element on the periodic tableTransuranium
0%

Score Distribution

Percentile by Number Answered

Percent of People with Each Score

Your Score History

You have not taken this quiz